[Event "Eastern Asia-ch U14"]
[Site "Tornelo INT"]
[Date "2021.10.31"]
[Round "7"]
[White "Akbar T A, Ameen"]
[Black "Ashvin, Sharma"]
[Result "1/2-1/2"]
[WhiteElo "1298"]
[BlackElo "1478"]
[PlyCount "134"]
[EventDate "2021.10.29"]
[EventType "swiss"]
[EventRounds "9"]
[EventCountry "NET"]
[SourceTitle "EXT 2023"]
[Source "ChessBase"]
[SourceDate "2022.10.05"]
[SourceVersion "1"]
[SourceVersionDate "2022.10.05"]
[SourceQuality "1"]

1. e4 c5 2. c3 d5 3. exd5 Qxd5 4. d4 cxd4 5. cxd4 Nc6 6. Nf3 Bg4 7. Be2 e6 8. Nc3 Bb4 9. 0-0 Qa5 10. Bd2 Nf6 11. a3 Be7 12. Be3 0-0 13. h3 Bf5 14. Qb3 Qc7 15. Rac1 Rfd8 16. Rfd1 Nd5 17. Nxd5 Rxd5 18. Ne5 Bf6 19. Nxc6 bxc6 20. Bf3 Rb8 21. Qa4 Rd6 22. Bf4 e5 23. dxe5 Bxe5 24. Rxd6 Qxd6 25. Rxc6 Qe7 26. Bxe5 Qxe5 27. Qxa7 Qxb2 28. Qc5 Be6 29. Bg4 Bxg4 30. hxg4 g6 31. Rc8+ Rxc8 32. Qxc8+ Kg7 33. Qa6 Qc1+ 34. Kh2 Qf4+ 35. Kg1 Qc1+ 36. Kh2 Qf4+ 37. Kg1 Qxg4 38. Qd3 h5 39. Qc3+ Kg8 40. f3 Qe6 41. a4 h4 42. a5 h3 43. gxh3 Qxh3 44. Kf2 Qh2+ 45. Ke3 Qg1+ 46. Kd3 Qg3 47. Kc4 Qc7+ 48. Kb4 Qb7+ 49. Ka4 Kh7 50. f4 Qe4+ 51. Qb4 Qc6+ 52. Kb3 Qd5+ 53. Ka3 Qf3+ 54. Ka4 Qc6+ 55. Kb3 Qf3+ 56. Kc2 Qf2+ 57. Qd2 Qc5+ 58. Kb3 Qb5+ 59. Kc2 Qc4+ 60. Kd1 Qf1+ 61. Kc2 Qc4+ 62. Kb2 Qb5+ 63. Ka3 Qc5+ 64. Qb4 Qe3+ 65. Kb2 Qe2+ 66. Kb3 Qf3+ 67. Ka4 Qc6+ 1/2-1/2

[Event "Eastern Asia-ch U14"]
[Site "Tornelo INT"]
[Date "2021.10.30"]
[Round "6"]
[White "Ashvin, Sharma"]
[Black "Pawar, Harshit"]
[Result "0-1"]
[WhiteElo "1478"]
[BlackElo "1717"]
[PlyCount "72"]
[EventDate "2021.10.29"]
[EventType "swiss"]
[EventRounds "9"]
[EventCountry "NET"]
[SourceTitle "EXT 2023"]
[Source "ChessBase"]
[SourceDate "2022.10.05"]
[SourceVersion "1"]
[SourceVersionDate "2022.10.05"]
[SourceQuality "1"]

1. e4 c5 2. Nf3 e6 3. d4 cxd4 4. Nxd4 a6 5. Bd3 Nf6 6. Qe2 d6 7. 0-0 Qc7 8. Kh1 Nbd7 9. f4 b6 10. Bd2 Bb7 11. Nc3 Be7 12. g4 h6 13. g5 hxg5 14. fxg5 Nh5 15. g6 0-0-0 16. Kg1 Bf6 17. Be3 d5 18. Rae1 Nc5 19. exd5 exd5 20. Bf5+ Kb8 21. gxf7 Qxf7 22. Qg2 Qc7 23. b4 Ne4 24. Nxe4 Bxd4 25. Bxd4 dxe4 26. Be3 Ka7 27. Bxe4 Bxe4 28. Qxe4 Nf6 29. Qf4 Qb7 30. c4 Rhe8 31. c5 Re4 32. cxb6+ Ka8 33. Rd1 Rde8 34. Qf3 Rxe3 35. Rd8+ Rxd8 36. Qxe3 Nd5 0-1